000 00588nam a22002057a 4500
005 20140725173333.0
010 _aB-534244-246
020 _a9788184083326
_c140.00
020 _a8184083327
_c140.00
035 _aB-534244-246
037 _adpl
_bBSB /Ven
082 _aS
100 _aBronte, Emily
245 _aWuthering Heights /
_cbyEmily Bronte
260 _aNew Delhi
_bIndiana Publishing House
_c2013
270 _a2/13, Ansari Road, Darya Ganj
_bNew Delhi
_e110002 (India)
300 _a240p.:
_c19cm(Hb)
_bill.
942 _2ddc
_cCH
_mEMI
_hS
999 _c87465
_d87465